Soil mechanics and foundations / (Record no. 541451)
[ view plain ]
| 000 -LEADER | |
|---|---|
| fixed length control field | 00486cam a22001574a 4500 |
| 082 00 - DEWEY DECIMAL CLASSIFICATION NUMBER | |
| Classification number | 624.15136 |
| Author Mark | PUN |
| -- | Donation |
| 100 1# - MAIN ENTRY--PERSONAL NAME | |
| Personal name | Punmia, R.B.C |
| 9 (RLIN) | 36336 |
| 245 10 - TITLE STATEMENT | |
| Title | Soil mechanics and foundations / |
| Statement of responsibility, etc. | R.B.C. punmia |
| 260 ## - PUBLICATION, DISTRIBUTION, ETC. | |
| Place of publication, distribution, etc. | Delhi : |
| Name of publisher, distributor, etc. | Standerd Book House, |
| Date of publication, distribution, etc. | 1992. |
| 300 ## - PHYSICAL DESCRIPTION | |
| Extent | xxv, 902 : |
| Other physical details | ill. ; |
| Dimensions | 18 cm. + |
| 526 ## - STUDY PROGRAM INFORMATION NOTE | |
| Program name | 0 |
| Interest level | 0 |
| Reading level | 0 |
| Title point value | 624_151360000000000_PUN |
| 526 ## - STUDY PROGRAM INFORMATION NOTE | |
| Program name | 0 |
| Interest level | 0 |
| Reading level | 0 |
| Title point value | 624_151360000000000_PUN |
| 650 #0 - SUBJECT ADDED ENTRY--TOPICAL TERM | |
| Topical term or geographic name entry element | Foundations. |
| 9 (RLIN) | 892 |
| 650 #0 - SUBJECT ADDED ENTRY--TOPICAL TERM | |
| Topical term or geographic name entry element | Soil mechanics. |
| 942 ## - ADDED ENTRY ELEMENTS (KOHA) | |
| Source of classification or shelving scheme | |
| Koha item type | Book |
| Withdrawn status | Lost status | Source of classification or shelving scheme | Damaged status | Not for loan | Permanent Location | Current Location | Date acquired | Total Checkouts | Full call number | Barcode | Date last seen | Price effective from | Koha item type | Date last checked out | Copy number |
|---|---|---|---|---|---|---|---|---|---|---|---|---|---|---|---|
| Military College of Engineering (MCE) | Military College of Engineering (MCE) | 06/19/2014 | 624.15136 PUN | MCE-34684 | 06/19/2014 | 06/19/2014 | Book | ||||||||
| Military College of Engineering (MCE) | Military College of Engineering (MCE) | 07/26/2013 | 1 | 624.15136 PUN | MCE-46271 | 01/13/2016 | 07/26/2013 | Book | 12/30/2015 | 01 |
